Intermediate accounting

Збережено в:
Бібліографічні деталі
Автори: Meigs, Walter B. (autor), Mosich, A. N (Автор), Johnson, Charles E (Автор), Keller, Thomas F (Автор)
Формат: Книга
Мова:Англійська
Опубліковано: Nueva York McGraw-Hill 1974
Редагування:3a. ed
Предмети:
Теги: Додати тег
Немає тегів, Будьте першим, хто поставить тег для цього запису!

MARC

LEADER 00000nam a2200000 a 4500
001 UCR9850
003 CL-VaPUC
008 980619e19740000US |||||||||||||||||eng|d
082 0 4 |a 657.044  |b MEI  |2 21 
100 |a Meigs, Walter B.  |e autor  |9 576763 
700 0 |a Mosich, A. N  |e author  |9 412802 
700 0 |a Johnson, Charles E  |e author  |9 412803 
700 |a Keller, Thomas F  |e author  |9 414707 
245 1 0 |a Intermediate accounting 
250 |a 3a. ed 
300 |a 1081 p 
942 |c BK 
945 |d 19980619 00:00:00  |a cmena 
260 |a Nueva York  |b McGraw-Hill  |c 1974 
650 7 |a CONTABILIDAD INTERMEDIA  |2 CL-VaPUC  |9 412805 
650 0 |a Operaciones administrativas  |9 335045 
650 0 |a Estados de cuentas  |9 352305 
650 0 |a Administración financiera  |9 261146 
650 0 |a Activos   |x Bienes y derechos   |x Contabilidad  |9 394752 
650 7 |a GANANCIAS  |2 CL-VaPUC  |9 307105 
650 0 |a Inversiones  |9 345867 
650 0 |a Capital   |9 263726 
650 0 |a Contabilidad de costos   |9 260564 
650 0 |a Precios   |9 260787 
583 |a last modification  |c 19980619 00:00:00  |k Rodrigo Vera 
999 |c 271026  |d 271024 
952 |0 0  |1 0  |4 0  |6 657_044000000000000_MEI_1974  |7 0  |8 P  |9 305511  |a BIBGIM  |b BIBGIM  |d 2019-11-20  |i 142226K  |o 657.044 MEI 1974  |p 142226K  |r 2025-01-15  |w 2019-11-20  |y BK  |k COM